000 004340000a22001810004500
003 MACL
005 20151219125013.0
008 151219b xxu||||| |||| 00| 0 eng d
040 _aMACL
_cMACL
041 _aEnglish
082 _a343/GOU
100 _aRaghavachariar, N R
_921274
245 _aThe Indian Income Tax Act
_bvol 1
260 _bLaw Book Co
_c1958
350 _a20
650 _aLaw
_921275
942 _cBK
_k343/RAG
_2ddc
999 _c39851
_d39851